000 00348nab a22001097u 4500
008 130520b1984 xxu||||| |||| 00| 0 spa d
041 _aspa
100 1 _aMetz, Johann Baptist
_d1928-
_986946
245 0 0 _aTeología cristiana después de Auschwitz
_cJohann Baptist Metz
773 0 _tConcilium
_gV.2,1984,págs.209-222
_x0210-1041
_wRev134
942 _cAR
999 _c355117
_d355117